000 00316nam a2200121Ia 4500
008 240731s9999 xx 000 0 und d
022 _a1942-2547
245 0 _aInternational Studies in Catholic Education
260 _bRoutledge
856 _uhttps://www.tandfonline.com/loi/rice20
942 _2ddc
942 _cTFEJ
999 _c77317
_d77317
945 _a1
_bMadushi Gamage
_c1
_dMadushi Gamage